Capitals Hidden in Chemical Symbols - Statistics

General Stats
  • This quiz has been taken 20 times
  • The average score is 13 of 15
Answer Stats
Elements Capital % Correct
Barium + Potassium + Uranium Baku
100%
Calcium + Iridium + Oxygen Cairo
100%
Cobalt + Sodium + Krypton + Yttrium Conakry
88%
Lithium + Antimony + Oxygen + Nitrogen Lisbon
88%
Tellurium + Hydrogen + Radium + Nitrogen Tehran
88%
Titanium + Radium + Sodium Tirana
88%
Astatine + Helium + Nitrogen + Sulphur Athens
81%
Beryllium + Radon Bern
81%
Bismuth + Sulphur + Sulphur + Gold Bissau
81%
Calcium + Radium + Calcium + Sulphur Caracas
81%
Potassium + Iodine + Gallium + Lithium Kigali
81%
Molybdenum + Sodium + Cobalt Monaco
81%
Praseodymium + Iodine + Sulphur + Titanium + Sodium Pristina
75%
Radium + Boron + Astatine Rabat
75%
Terbium + Iodine + Lithium + Silicon Tbilisi
69%
No matching quizzes found
Score Distribution
Percent of People with Each Score
Percentile by Number Answered
Your Score History
You have not taken this quiz